Statistics for Top 200 Baby Boy Names of 2013 (USA)

Click here to take the quiz!

General Stats

  • This quiz has been taken 11,107 times
  • The average score is 87 of 200

Answer Stats

# Answer % Correct
27John
91%
13James
89%
7Michael
88%
5William
88%
10Daniel
85%
61Thomas
85%
40Jack
85%
8Alexander
83%
18David
83%
110Alex
83%
15Matthew
83%
166Jake
82%
26Christopher
82%
3Jacob
82%
62Robert
81%
22Andrew
79%
157George
79%
14Benjamin
79%
198Paul
79%
76Jose
79%
25Samuel
78%
184Mark
76%
136Steven
75%
37Henry
73%
191Nicolas
73%
2Liam
72%
1Noah
72%
57Charles
72%
54Nicholas
71%
140Richard
71%
125Timothy
70%
30Ryan
70%
34Luke
70%
21Joshua
70%
19Anthony
70%
6Ethan
69%
552Oliver
69%
79Jason
69%
73Zachary
68%
31Nathan
67%
91Nathaniel
67%
82Adam
66%
72Kevin
66%
150Brian
65%
145Edward
65%
132Bryan
65%
23Lucas
64%
85Justin
63%
46Jaxon
62%
11Elijah
62%
16Jackson
62%
92Jaxson
62%
43Eli
62%
20Joseph
61%
63Tyler
60%
118Eric
60%
71Ayden
60%
155Kyle
60%
12Aiden
60%
147Aidan
60%
141Jaden
59%
4Mason
59%
70Brandon
59%
51Aaron
58%
154Patrick
57%
29Isaac
56%
159Jeremy
55%
187Kenneth
54%
131Leonardo
54%
112Leo
54%
53Jordan
52%
185Sean
52%
42Jonathan
52%
9Jayden
52%
80Ian
52%
111Max
51%
142Victor
51%
200Maximus
51%
17Logan
50%
55Evan
49%
28Dylan
48%
35Christian
48%
175Bradley
46%
101Vincent
46%
38Owen
45%
56Connor
45%
160Marcus
45%
59Cameron
44%
24Gabriel
44%
33Caleb
43%
138Kaleb
43%
83Xavier
43%
100Juan
42%
153Alan
42%
106Jesus
41%
178Oscar
41%
58Jeremiah
41%
47Julian
40%
161Harrison
39%
135Jonah
38%
32Carter
38%
36Hunter
38%
170Theodore
37%
65Austin
37%
44Isaiah
36%
123Kaiden
36%
105Carlos
36%
114Cole
36%
124Colin
36%
172Cayden
36%
93Kayden
36%
151Kaden
36%
144Joel
34%
74Parker
34%
183Abraham
34%
156Riley
34%
45Sebastian
33%
158Jesse
33%
137Ivan
33%
75Blake
32%
129Hayden
31%
41Wyatt
31%
60Adrian
31%
152Ashton
31%
77Chase
31%
48Brayden
30%
84Cooper
29%
115Miles
29%
69Josiah
29%
49Gavin
29%
162Jude
29%
168Grant
28%
39Landon
28%
50Levi
28%
68Dominic
28%
90Carson
27%
139Wesley
26%
89Jase
26%
66Jace
26%
78Grayson
25%
149Greyson
25%
195Calvin
25%
86Nolan
25%
133Miguel
25%
107Micah
25%
117Bryce
25%
97Tristan
25%
127Antonio
25%
174Brady
24%
199Kai
24%
196Avery
24%
94Brody
24%
104Asher
24%
98Damian
24%
67Angel
23%
64Colton
23%
108Maxwell
23%
96Luis
23%
179Abel
22%
95Lincoln
22%
148Preston
22%
130Diego
21%
113Elias
21%
173Emmett
21%
134Roman
20%
81Bentley
20%
165Alejandro
20%
143Ezra
20%
103Ryder
20%
121Declan
20%
182Caden
20%
163Weston
19%
87Hudson
19%
186Ezekiel
19%
99Camden
19%
167Axel
19%
181Jameson
18%
171Emmanuel
18%
122Braxton
18%
116Silas
18%
197Tanner
18%
189Everett
17%
88Easton
17%
120Sawyer
17%
180Tucker
16%
194Bennett
16%
126Santiago
15%
102Bryson
15%
169Maddox
15%
177Malachi
15%
109Mateo
15%
192Zayden
15%
193King
15%
164Ryker
14%
188Gage
14%
128Giovanni
14%
190Kingston
13%
119Brantley
13%
146Jayce
12%
176Gael
11%

Score Distribution

Percentile by Number Answered

Percent of People with Each Score

Your Score History

You have not taken this quiz